| 000 | 00853cab a2200229 4500 | ||
|---|---|---|---|
| 001 | WB3117-19 | ||
| 008 | 090401t1995 xxu||||| |||| 00| 0 eng d | ||
| 035 | _a(Sirsi) u61243 | ||
| 041 | _aeng | ||
| 245 | _aGreen agency advice published | ||
| 260 | _c1995 | ||
| 350 | _a0 | ||
| 490 |
_aPlanning (for the Natural and Built Environment) _v(1116) 28 April 1995, 3(1) |
||
| 520 | _aThe DoE has issued a consultation paper on the objectives of the proposed environment agency for England and Wales. It seeks to clarify its role in promoting sustainable development and how it will apply cost benefit to its activities. | ||
| 650 | _aCOST BENEFIT ANALYSIS | ||
| 650 | _aENVIRONMENT AGENCY | ||
| 650 | _aENVIRONMENT BILL | ||
| 650 | _aSUSTAINABLE DEVELOPMENT | ||
| 690 | _aENVIRONMENTAL AND LAND CONSULTANCY | ||
| 942 | _n0 | ||
| 948 | _c04/03/1997 | ||
| 999 |
_c37900 _d37900 |
||